000 00872nam a2200241 a 4500
001 57408
003 BD-RjUL
005 20211209080515.0
008 161208s1998 bg ||||| |||| 00| 0 ben d
020 _c: TK 72.00
035 _a(BD-RjUL)57532
040 _aBD-RjUL
_bben
_cBD-RjUL
041 _aben
082 _223
_a297.61
_bSHI 1998
100 _aশফিকুল্লাহ, মুহাম্মদ
_9170392
245 1 0 _aইমাম তাহাভী (র.)জীবন ও কর্ম /
_cমুহাম্মদ শফিকুল্লাহ
250 _a১ম সং.
260 _aঢাকা :
_bইসলামিক ফাউন্ডেশন,
_c১৯৯৮
300 _a৩৪১ পৃ. ;
_c২১ সেমি.
650 _aইসলামী নেতা
_9170329
650 _aIslamic Leader
_9170330
942 _2ddc
_cBK
999 _c57408
_d57408